000 00453nam a2200169 4500
001 VA38629
003 ES-SlBCS
005 20210601153939.0
008 140520s1973 xxu||||| |||| 00| 0 spa d
041 _aspa
100 1 _aHervada, Javier
_9216751
245 1 0 _aTres estudios sobre el uso del término laico
_cJavier Hervada
260 _aPamplona :
_bEunsa
_c, 1973
300 _a242 p.;
_c23 cm
650 _aLaico-Significados
_9364365
942 _cBK
999 _c798030
_d798030